000 00670nam a2200289Ia 4500
005 20260324143014.0
008 008 260324s9999 xx 000 0 eng d
020 _a9780203021910
037 _aEBOOK
040 _aCRL
040 _beng
040 _cCRL
041 _2eng
041 _aeng
084 _qCRL
100 _aK. S. Jomo
_91191862
245 0 _aIndustrializing Malaysia
245 0 _bPolicy, Performance, Prospects
260 _bTaylor and Francis
260 _c1993
365 _a
365 _b350
856 _uhttp://www.taylorfrancis.com/books/9780203021910
942 _cEBOOK
999 _c1818912
_d1818912